[Event "13. Bayer Open"]
[Site "Leverkusen"]
[Date "2015.03.02"]
[Round "5.19"]
[White "Alexopoulos, Spiros Orestis"]
[Black "Jiritschka, Wolfgang"]
[Result "1/2-1/2"]
[WhiteElo "1789"]
[BlackElo "1847"]
[PlyCount "46"]
[EventDate "2015.??.??"]
[WhiteTeam "Aachener SV"]
[BlackTeam "SC Bayer Leverkusen"]

1. c4 Nf6 2. Nc3 g6 3. g3 Bg7 4. Bg2 c5 5. e4 Nc6 6. Nge2 d6 7. d3 O-O 8. O-O
Bg4 9. h3 Bd7 10. f4 Nd4 11. Nxd4 cxd4 12. Ne2 e5 13. f5 h6 14. g4 g5 15. Bd2
b5 16. b3 bxc4 17. bxc4 Qc7 18. Rb1 Rfb8 19. Qc2 Rxb1 20. Rxb1 Rb8 21. Rxb8+
Qxb8 22. Qb3 Qb6 23. Bf3 Bc6 1/2-1/2

[Event "13. Bayer Open"]
[Site "Leverkusen"]
[Date "2015.03.02"]
[Round "5.21"]
[White "Kronseder, Michael"]
[Black "Mentzel, Markus"]
[Result "1/2-1/2"]
[WhiteElo "1526"]
[BlackElo "1799"]
[PlyCount "49"]
[EventDate "2015.??.??"]
[WhiteTeam "SV Hürth-Berrenrath"]
[BlackTeam "SG Solingen"]

1. e4 e5 2. Nc3 Nf6 3. f4 d5 4. fxe5 Nxe4 5. Nf3 Be7 6. d3 Nxc3 7. bxc3 c5 8.
Be2 Nc6 9. O-O h6 10. d4 c4 11. Be3 Be6 12. Qd2 Qd7 13. Rf2 b6 14. Raf1 O-O-O
15. a4 Na5 16. h3 Qxa4 17. Nh2 Rdf8 18. Bh5 Qe8 19. Qe2 g6 20. Bg4 h5 21. Bxe6+
fxe6 22. Nf3 Rf5 23. g4 hxg4 24. hxg4 Rf7 25. Bg5 1/2-1/2

[Event "13. Bayer Open"]
[Site "Leverkusen"]
[Date "2015.03.02"]
[Round "5.22"]
[White "Kies, Werner"]
[Black "Arnold, Bodo"]
[Result "1-0"]
[WhiteElo "1837"]
[BlackElo "1626"]
[PlyCount "131"]
[EventDate "2015.??.??"]
[WhiteTeam "SC Bayer Leverkusen"]
[BlackTeam "SF Schlebusch"]

1. e4 c6 2. d4 d5 3. e5 Bf5 4. f4 h6 5. Nf3 Nd7 6. Bd3 Bxd3 7. Qxd3 e6 8. O-O
c5 9. c3 c4 10. Qc2 Ne7 11. b3 Nb6 12. Nbd2 Qc7 13. Nh4 g6 14. bxc4 Nxc4 15.
Qa4+ Qc6 16. Qxc6+ Nxc6 17. Nxc4 dxc4 18. Rb1 b6 19. Nf3 Be7 20. Nd2 Na5 21.
Ne4 O-O 22. g4 f5 23. exf6 Bxf6 24. Rb5 Bg7 25. Ba3 Rf7 26. f5 exf5 27. gxf5
gxf5 28. Nd6 Rf6 29. Nxf5 Re8 30. Kf2 Nc6 31. Kg3 Re2 32. Rf2 Rxf2 33. Kxf2 Bf8
34. Bxf8 Kxf8 35. Ke3 Ne7 36. Ke4 a6 37. Re5 Nc6 38. Rd5 Re6+ 39. Kf4 Rf6 40.
Rd7 Ne7 41. Rxe7 Rxf5+ 42. Kxf5 Kxe7 43. Ke5 b5 44. Kd5 Kd7 45. Kc5 Kc7 46. h4
h5 47. a3 Kb7 48. a4 bxa4 49. Kb4 a3 50. Kxa3 a5 51. Ka4 Kb6 52. d5 Kc5 53.
Kxa5 Kxd5 54. Kb5 Ke5 55. Kxc4 Kf4 56. Kd4 Kg4 57. c4 Kxh4 58. c5 Kg3 59. c6 h4
60. c7 h3 61. c8=Q Kg2 62. Qg8+ Kh1 63. Qd5+ Kg1 64. Qg5+ Kh1 65. Qf5 h2 66.
Qf1# 1-0

[Event "13. Bayer Open"]
[Site "Leverkusen"]
[Date "2015.03.02"]
[Round "5.23"]
[White "Weiser, Hans-Josef"]
[Black "Richrath, Martin"]
[Result "1-0"]
[WhiteElo "2010"]
[BlackElo "1772"]
[PlyCount "39"]
[EventDate "2015.??.??"]
[WhiteTeam "Bergische SF"]
[BlackTeam "Langenfelder SF"]

1. Nf3 d5 2. d4 Bg4 3. e3 Nf6 4. c4 e6 5. Nc3 c6 6. Be2 Nbd7 7. O-O Be7 8. b3
O-O 9. Bb2 Bd6 10. Nd2 Bxe2 11. Qxe2 e5 12. dxe5 Bxe5 13. Nf3 dxc4 14. Qxc4 Bc7
15. Rfd1 Qb8 16. Ne4 Be5 17. Nxe5 Nxe5 18. Nxf6+ gxf6 19. Qh4 Re8 20. f4 1-0

[Event "13. Bayer Open"]
[Site "Leverkusen"]
[Date "2015.03.02"]
[Round "5.24"]
[White "Gelsok, Philipp"]
[Black "Pützkaul, Karl"]
[Result "1-0"]
[WhiteElo "1894"]
[BlackElo "1737"]
[PlyCount "93"]
[EventDate "2015.??.??"]
[WhiteTeam "Bergische SF"]
[BlackTeam "SC Bayer Leverkusen"]

1. Nf3 Nf6 2. c4 g6 3. Nc3 Bg7 4. e4 d6 5. d4 O-O 6. Be2 e5 7. O-O Nc6 8. d5
Ne7 9. b4 a5 10. Ba3 axb4 11. Bxb4 Nd7 12. a4 h6 13. Nd2 f5 14. f3 b6 15. a5
bxa5 16. Rxa5 Rxa5 17. Bxa5 Ba6 18. Nb3 Nc8 19. Nb5 Bxb5 20. cxb5 Ndb6 21. Qc2
Qd7 22. Rc1 Rf7 23. Qc6 h5 24. Qxd7 Rxd7 25. Bd2 Kh7 26. Na5 Bh6 27. Bxh6 Kxh6
28. Nc6 fxe4 29. fxe4 Rf7 30. Nd8 Re7 31. Ne6 Na8 32. g4 Rf7 33. Kg2 hxg4 34.
Bxg4 Ncb6 35. Ra1 Rf6 36. Ra6 Rf7 37. h4 Re7 38. Kg3 Rf7 39. Ra1 Rf6 40. h5 g5
41. Bf5 Rf7 42. Kg4 Re7 43. Nxg5 Rg7 44. Bg6 Rxg6 45. hxg6 Kxg6 46. Ne6 Kf6 47.
Ra7 1-0

[Event "13. Bayer Open"]
[Site "Leverkusen"]
[Date "2015.03.02"]
[Round "5.25"]
[White "Hoeper, Heinz-Joachim"]
[Black "Schimpf, Rolf"]
[Result "0-1"]
[WhiteElo "1523"]
[BlackElo "1710"]
[PlyCount "66"]
[EventDate "2015.??.??"]
[WhiteTeam "Pulheimer SC"]
[BlackTeam "SC Bayer Leverkusen"]

1. d4 Nf6 2. Bf4 e6 3. e3 b6 4. Nd2 Bb7 5. Ngf3 Be7 6. Bd3 d6 7. O-O O-O 8. Re1
Nbd7 9. h3 c5 10. c3 Re8 11. Qc2 g6 12. Nh2 Rc8 13. Nc4 Nb8 14. Nd2 Bf8 15. Bg5
Be7 16. Ndf3 Nbd7 17. h4 Kg7 18. e4 cxd4 19. Nxd4 Nc5 20. Bb5 Rf8 21. f3 Nh5
22. f4 h6 23. b4 hxg5 24. bxc5 bxc5 25. Nxe6+ fxe6 26. fxg5 Kh7 27. Rf1 Qb6 28.
Nf3 Qxb5 29. Rab1 Qc6 30. e5 Ba6 31. c4 Rf4 32. Nd2 Rcf8 33. exd6 Bxd6 0-1

[Event "13. Bayer Open"]
[Site "Leverkusen"]
[Date "2015.03.02"]
[Round "5.26"]
[White "Hoffmann, Michael"]
[Black "Friedsam, Manfred"]
[Result "1/2-1/2"]
[WhiteElo "1696"]
[BlackElo "1754"]
[PlyCount "40"]
[EventDate "2015.??.??"]
[WhiteTeam "SG Neuss"]
[BlackTeam "Königsspringer Leverkusen"]

1. d4 e6 2. c4 d5 3. Nc3 c6 4. e3 f5 5. Bd3 Nf6 6. Nge2 Be7 7. f3 Na6 8. a3 O-O
9. O-O Bd6 10. Qc2 Qc7 11. h3 Nh5 12. Bd2 Bd7 13. e4 fxe4 14. fxe4 e5 15. exd5
exd4 16. Bxh7+ Kh8 17. Ne4 cxd5 18. Nxd6 Qxd6 19. Bf5 dxc4 20. Qe4 Bxf5 1/2-1/2

[Event "13. Bayer Open"]
[Site "Leverkusen"]
[Date "2015.03.02"]
[Round "5.27"]
[White "Blumenthal, Ralf"]
[Black "Depping, Thomas"]
[Result "1/2-1/2"]
[WhiteElo "1870"]
[BlackElo "1595"]
[PlyCount "44"]
[EventDate "2015.??.??"]
[WhiteTeam "SK Turm Euskirchen"]
[BlackTeam "SF Düsseldorf-Süd"]

1. c4 e5 2. Nc3 Nc6 3. g3 f5 4. d3 Nf6 5. Bg2 Bb4 6. Bd2 d6 7. a3 Bxc3 8. bxc3
O-O 9. Qc2 Qe8 10. Nf3 Bd7 11. O-O Rb8 12. Rab1 Kh8 13. Bg5 h6 14. Bxf6 Rxf6
15. e3 Qh5 16. Nd2 f4 17. exf4 exf4 18. Rb5 Ne5 19. f3 Bxb5 20. cxb5 fxg3 21.
hxg3 Qg6 22. Ne4 Rff8 1/2-1/2

[Event "13. Bayer Open"]
[Site "Leverkusen"]
[Date "2015.03.02"]
[Round "5.29"]
[White "Maczkowiak, Thomas"]
[Black "Skiber, Friedel"]
[Result "1-0"]
[WhiteElo "1804"]
[BlackElo "1552"]
[PlyCount "63"]
[EventDate "2015.??.??"]
[WhiteTeam "MS Halver-Schalksmühle"]
[BlackTeam "SG Solingen"]

1. g3 d6 2. Bg2 g6 3. Nf3 f5 4. d3 Nf6 5. Nbd2 d5 6. O-O Bg7 7. e4 dxe4 8. dxe4
O-O 9. Qe2 Nc6 10. c3 Ng4 11. Rd1 Qe8 12. h3 Nge5 13. Nxe5 Nxe5 14. Nc4 Nc6 15.
exf5 Bxf5 16. Be3 e5 17. Bc5 Rf6 18. Ne3 Be6 19. Nd5 Rf7 20. Rd2 b6 21. Be3 Rd8
22. Rad1 Rfd7 23. Bg5 Rc8 24. Qc4 Rd6 25. Qh4 Qf7 26. b3 Rd7 27. Ne7+ Rxe7 28.
Bxc6 Bf8 29. Rd8 Rxd8 30. Rxd8 Rd7 31. Bxd7 Bd5 32. Bh6 1-0

[Event "13. Bayer Open"]
[Site "Leverkusen"]
[Date "2015.03.02"]
[Round "5.30"]
[White "Reif, Frank"]
[Black "Schwark, Mario"]
[Result "1/2-1/2"]
[WhiteElo "1736"]
[BlackElo "1816"]
[PlyCount "99"]
[EventDate "2015.??.??"]
[WhiteTeam "TV Witzhelden"]
[BlackTeam "SG Kalker/Deutzer"]

1. e4 e5 2. Nf3 Nc6 3. d4 exd4 4. Nxd4 Bb4+ 5. c3 Bc5 6. Nb3 Bb6 7. Bd3 Ne5 8.
Be2 Nf6 9. O-O d6 10. N1d2 Nfg4 11. Nf3 Nxf3+ 12. Bxf3 Qh4 13. Bxg4 Bxg4 14.
Qd3 O-O 15. Be3 c5 16. Nd2 Rad8 17. f3 Be6 18. Bf2 Qg5 19. Nc4 Bc7 20. Ne3 c4
21. Qe2 d5 22. Nxd5 Bxd5 23. exd5 Rxd5 24. Rfd1 Rfd8 25. Rxd5 Qxd5 26. Re1 h6
27. Bd4 Qh5 28. g3 Qd5 29. Qe4 Qxe4 30. Rxe4 b5 31. a3 Bb6 32. Bxb6 axb6 33.
Kf2 Rd2+ 34. Re2 Rd3 35. Re5 Rd2+ 36. Re2 Rd5 37. Ke3 f6 38. Rd2 Re5+ 39. Kf2
g5 40. Rd6 Kf7 41. Rxb6 Rd5 42. Ke2 h5 43. Ke3 h4 44. gxh4 Re5+ 45. Kf2 gxh4
46. Rd6 Rg5 47. Rd4 h3 48. Rg4 Rd5 49. Rd4 Rg5 50. Rg4 1/2-1/2

[Event "13. Bayer Open"]
[Site "Leverkusen"]
[Date "2015.03.02"]
[Round "5.31"]
[White "Schlenter, Rüdiger"]
[Black "Rist, Kurt"]
[Result "1-0"]
[WhiteElo "1872"]
[BlackElo "1532"]
[PlyCount "49"]
[EventDate "2015.??.??"]
[WhiteTeam "SV Mülheim-Nord"]
[BlackTeam "SG Solingen"]

1. Nf3 c5 2. c4 Nc6 3. Nc3 d6 4. g3 Nf6 5. Bg2 g6 6. O-O Bg7 7. e3 Bg4 8. h3
Be6 9. b3 d5 10. Ng5 h6 11. Nxe6 fxe6 12. Bb2 Nb4 13. d4 cxd4 14. exd4 dxc4 15.
bxc4 Nc6 16. Ne2 O-O 17. Nf4 Kf7 18. Re1 Qb6 19. Qc2 g5 20. c5 Qxb2 21. Qxb2
gxf4 22. Bxc6 bxc6 23. Qe2 e5 24. Qxe5 Nd5 25. Qe6+ 1-0

[Event "13. Bayer Open"]
[Site "Leverkusen"]
[Date "2015.03.02"]
[Round "5.32"]
[White "Asadzade, Idris"]
[Black "Hennig, Edgar"]
[Result "0-1"]
[WhiteElo "1525"]
[BlackElo "1901"]
[PlyCount "100"]
[EventDate "2015.??.??"]
[WhiteTeam "SG Porz"]
[BlackTeam "Satranç Club"]

1. Nf3 Nf6 2. c4 e6 3. d4 Bb4+ 4. Bd2 Qe7 5. Qb3 Nc6 6. Bxb4 Qxb4+ 7. Qxb4 Nxb4
8. Na3 O-O 9. e3 b6 10. Be2 Bb7 11. O-O Rac8 12. Nb5 a6 13. Nc3 d6 14. a3 Nc6
15. Bd3 Rfe8 16. e4 e5 17. d5 Nd4 18. Nd2 Nd7 19. b4 Rf8 20. f4 exf4 21. Rxf4
Ne5 22. Be2 Rce8 23. b5 a5 24. a4 Bc8 25. h3 f5 26. Raf1 fxe4 27. Rxe4 Nxe2+
28. Nxe2 Rxf1+ 29. Nxf1 Bf5 30. Re3 Bd3 31. Nd2 Bxe2 32. Rxe2 Rf8 33. Re3 Rf4
34. Rc3 Rd4 35. Rc2 Rd3 36. Kf2 Ra3 37. Ke2 Rxa4 38. Ke3 Ra3+ 39. Kf4 Kf7 40.
Ne4 h6 41. h4 Rd3 42. h5 Rd4 43. Ke3 Rxc4 44. Rf2+ Ke7 45. Rf4 Rb4 46. g4 Rxb5
47. g5 hxg5 48. Nxg5 Rxd5 49. Re4 Kd7 50. Nh3 Rd3+ 0-1

[Event "13. Bayer Open"]
[Site "Leverkusen"]
[Date "2015.03.02"]
[Round "5.33"]
[White "van Kempen, Heinz"]
[Black "Hartmann, Stephan"]
[Result "1-0"]
[WhiteElo "1724"]
[BlackElo "1485"]
[PlyCount "29"]
[EventDate "2015.??.??"]
[WhiteTeam "SV Opladen"]
[BlackTeam "SG Idstein"]

1. e4 e5 2. Bc4 Nc6 3. Nf3 Bc5 4. b4 Bxb4 5. c3 Bc5 6. O-O Nf6 7. d4 exd4 8. e5
d5 9. exf6 dxc4 10. Re1+ Be6 11. fxg7 Rg8 12. Ng5 Qf6 13. Nxe6 fxe6 14. Qh5+
Qg6 15. Rxe6+ 1-0

[Event "13. Bayer Open"]
[Site "Leverkusen"]
[Date "2015.03.02"]
[Round "5.34"]
[White "Rahmen, Christian"]
[Black "van Hove, Ode"]
[Result "1-0"]
[WhiteElo "1803"]
[BlackElo "1461"]
[PlyCount "75"]
[EventDate "2015.??.??"]
[WhiteTeam "SG Porz"]
[BlackTeam "SV Schewe Torm/Derendorf"]

1. d4 Nf6 2. c4 e5 3. dxe5 Ng4 4. Nf3 Bc5 5. e3 Nc6 6. Nc3 O-O 7. Be2 Ngxe5 8.
O-O Nxf3+ 9. Bxf3 Ne5 10. b3 a5 11. Bb2 Re8 12. Ne4 Ba7 13. Qe2 d6 14. Rad1 Qe7
15. Nc3 Bc5 16. Nd5 Qd8 17. Nf4 Qg5 18. Bxe5 dxe5 19. Rd5 Qe7 20. Nd3 Bd6 21.
c5 e4 22. cxd6 cxd6 23. Bxe4 Qxe4 24. Rxd6 Qe7 25. Rd4 b6 26. Nf4 Ba6 27. Nd3
Bb7 28. Qh5 Rac8 29. Qb5 Qf6 30. Rc4 Red8 31. Rfc1 Rxc4 32. Qxc4 Qd6 33. h3 h6
34. Nf4 Rc8 35. Qf1 Rd8 36. Qe2 g5 37. Nh5 Qd5 38. Nf6+ 1-0

[Event "13. Bayer Open"]
[Site "Leverkusen"]
[Date "2015.03.02"]
[Round "5.36"]
[White "Prößdorf, Lennard"]
[Black "Bosbach, Jens"]
[Result "0-1"]
[WhiteElo "1425"]
[BlackElo "1806"]
[PlyCount "68"]
[EventDate "2015.??.??"]
[WhiteTeam "SC Bayer Leverkusen"]
[BlackTeam "Langenfelder SF"]

1. d4 Nf6 2. Nc3 d5 3. Bg5 h6 4. Bh4 Bf5 5. e3 c6 6. Bd3 Bxd3 7. Qxd3 Qb6 8.
O-O-O Nbd7 9. Nge2 e6 10. e4 g5 11. Bg3 O-O-O 12. e5 Nh5 13. f4 Nxg3 14. Qxg3
Be7 15. fxg5 Bxg5+ 16. Kb1 f5 17. h4 Be7 18. Kc1 Rdg8 19. Qf2 Rg4 20. Rd3 Nxe5
21. Rdd1 Nd7 22. g3 Bd6 23. Rhe1 Qc7 24. Rd3 Nf6 25. Nb5 Qd7 26. Nxd6+ Qxd6 27.
Nf4 Ne4 28. Qf3 Rxg3 29. Qf1 Rg4 30. Nh3 Rxh4 31. Nf2 Qf4+ 32. Rde3 Qxf2 33.
Qxf2 Nxf2 34. Rxe6 Ne4 0-1

[Event "13. Bayer Open"]
[Site "Leverkusen"]
[Date "2015.03.02"]
[Round "5.37"]
[White "Kamphausen, Johannes-Dieter"]
[Black "Yon, Gregory"]
[Result "1-0"]
[WhiteElo "1722"]
[BlackElo "1517"]
[PlyCount "24"]
[EventDate "2015.??.??"]
[WhiteTeam "SV Springer Hitdorf"]
[BlackTeam "TSV Bergisch Gladbach"]

1. e4 b6 2. d4 Bb7 3. Nc3 e6 4. f4 Bb4 5. Bd3 Nf6 6. Qe2 c5 7. d5 Bxc3+ 8. bxc3
Qc8 9. c4 Na6 10. Bb2 Nb4 11. a3 Nxd3+ 12. cxd3 d6 {Rest unleserlich.} 1-0

[Event "13. Bayer Open"]
[Site "Leverkusen"]
[Date "2015.03.02"]
[Round "5.38"]
[White "Elsweiler, Karl-Heinz"]
[Black "Esser, Heinz"]
[Result "1/2-1/2"]
[WhiteElo "1560"]
[BlackElo "1315"]
[PlyCount "36"]
[EventDate "2015.??.??"]
[WhiteTeam "SV Opladen"]
[BlackTeam "SV Bayer Dormagen"]

1. b4 c5 2. bxc5 e5 3. Bb2 Nc6 4. Nf3 Bxc5 5. Bxe5 Nxe5 6. Nxe5 Bd4 7. Nxf7 Qf6
8. Nd6+ Qxd6 9. c3 Bb6 10. e3 Nf6 11. Qb3 Rf8 12. Be2 Bc7 13. Na3 Ne4 14. Qc2
Nf6 15. Nb5 Qc6 16. O-O Bb8 17. Rab1 Qe4 18. d3 Qh4 1/2-1/2

[Event "13. Bayer Open"]
[Site "Leverkusen"]
[Date "2015.03.02"]
[Round "5.39"]
[White "Stuch, Hans-Ferdinand"]
[Black "Seelig, Jochen"]
[Result "1/2-1/2"]
[WhiteElo "1608"]
[BlackElo "1307"]
[PlyCount "49"]
[EventDate "2015.??.??"]
[WhiteTeam "SC Bonn Beuel"]
[BlackTeam "SF Schlebusch"]

1. Nf3 b6 2. e4 Bb7 3. Nc3 e6 4. Bc4 Nf6 5. d3 d5 6. exd5 Nxd5 7. Bd2 Qf6 8.
O-O Nxc3 9. Bxc3 Bxf3 10. Qxf3 Qxf3 11. gxf3 Be7 12. Kh1 O-O 13. Rg1 g6 14.
Rae1 Nd7 15. Bb5 Nf6 16. Bc6 Rad8 17. f4 Nd5 18. Bd2 Bf6 19. c3 Rd6 20. Ba4 Ne7
21. Bc2 c5 22. Be3 Nf5 23. Bc1 Bg7 24. Re2 Rfd8 25. Rg4 1/2-1/2

[Event "13. Bayer Open"]
[Site "Leverkusen"]
[Date "2015.03.02"]
[Round "5.40"]
[White "Domnick, Michael"]
[Black "Longerich, Hans-Peter"]
[Result "1/2-1/2"]
[WhiteElo "1789"]
[BlackElo "1375"]
[PlyCount "113"]
[EventDate "2015.??.??"]
[WhiteTeam "TV Witzhelden"]
[BlackTeam "SC Bayer Leverkusen"]

1. d4 d5 2. Nf3 c6 3. e3 Bf5 4. c4 Nf6 5. Bd3 Bxd3 6. Qxd3 e6 7. O-O Nbd7 8. b3
Be7 9. Nbd2 h6 10. Re1 O-O 11. a3 Rc8 12. Bb2 Re8 13. Rac1 Bd6 14. b4 Bc7 15.
Rc2 a6 16. e4 dxe4 17. Nxe4 Nxe4 18. Qxe4 Nf6 19. Qh4 Nd7 20. Qh3 Nf6 21. g4
Nh7 22. Bc1 Qf6 23. Qg2 Bf4 24. Be3 Ng5 25. Nxg5 Qxg5 26. Qf3 Bxe3 27. fxe3 f5
28. Rg2 Qh4 29. Qg3 Qxg3 30. Rxg3 fxg4 31. Rxg4 Rf8 32. Re2 Rcd8 33. Reg2 Rf7
34. h4 Rdf8 35. Rg6 Re7 36. Rxh6 Rf3 37. Rhg6 Rxe3 38. h5 Rh3 39. h6 Kh7 40.
Rxg7+ Rxg7 41. Rxg7+ Kxh6 42. Rxb7 Rc3 43. d5 exd5 44. cxd5 cxd5 45. Rb6+ Kg5
46. Rxa6 d4 47. Kf2 Kf4 48. Ke2 Ke4 49. a4 Rc2+ 50. Kd1 Kd3 51. Rh6 Rb2 52.
Rh3+ Kc4 53. Kc1 Rxb4 54. Ra3 Kc5 55. a5 Rc4+ 56. Kd2 Rc3 57. Rxc3+ 1/2-1/2

[Event "13. Bayer Open"]
[Site "Leverkusen"]
[Date "2015.03.02"]
[Round "5.42"]
[White "Meyer, Stefan"]
[Black "Hoferichter, Michael"]
[Result "1-0"]
[WhiteElo "1692"]
[BlackElo "1302"]
[PlyCount "109"]
[EventDate "2015.??.??"]
[WhiteTeam "SV Grevenbroich"]
[BlackTeam "Klub Kölner SF"]

1. d4 d5 2. c4 e6 3. Nc3 c6 4. Nf3 Nf6 5. Bg5 dxc4 6. e4 Be7 7. Bxc4 h6 8. Bh4
Nbd7 9. O-O Nxe4 10. Bxe7 Nxc3 11. Bxd8 Nxd1 12. Rfxd1 Kxd8 13. b4 Nb6 14. Bb3
Re8 15. Ne5 Re7 16. Rac1 Ke8 17. Rd3 Bd7 18. Rg3 Kf8 19. Rf3 Kg8 20. Nd3 Nd5
21. a3 f6 22. Nc5 Be8 23. Re1 Bf7 24. b5 Rae8 25. bxc6 bxc6 26. Nd3 e5 27. dxe5
fxe5 28. Nc5 e4 29. Rg3 e3 30. fxe3 Rxe3 31. Rexe3 Nxe3 32. Nd7 Re7 33. Bxf7+
Kxf7 34. Rf3+ Ke8 35. Nb8 c5 36. Nc6 Re6 37. Nxa7 Ng4 38. h3 Re1+ 39. Rf1 Rxf1+
40. Kxf1 Ne3+ 41. Kf2 Nd5 42. Nc6 Kd7 43. Ne5+ Ke6 44. Nc4 Nc3 45. Ke3 Kd5 46.
Kd3 Na4 47. Ne3+ Ke6 48. Kc4 g6 49. Nd1 Kd6 50. Kb5 Kd5 51. Kxa4 Kd4 52. Kb3
c4+ 53. Kc2 Kc5 54. Kc3 Kb5 55. Nb2 1-0

[Event "13. Bayer Open"]
[Site "Leverkusen"]
[Date "2015.03.02"]
[Round "5.43"]
[White "Jacobi, Bernd"]
[Black "Gülden, Ralf"]
[Result "1/2-1/2"]
[WhiteElo "1414"]
[BlackElo "1503"]
[PlyCount "37"]
[EventDate "2015.??.??"]
[WhiteTeam "Langenfelder SF"]
[BlackTeam "Königsspringer Leverkusen"]

1. d4 Nf6 2. c3 e6 3. Nf3 d5 4. Bg5 Be7 5. Bxf6 Bxf6 6. e3 Nd7 7. Bd3 c5 8.
dxc5 Nxc5 9. Bc2 Bd7 10. O-O O-O 11. Nd4 Bc6 12. Qh5 g6 13. Qg4 Bd7 14. Qd1 Bc6
15. b4 Bxd4 16. Qxd4 Nd7 17. a4 b6 18. b5 Bb7 19. Qb4 1/2-1/2

[Event "13. Bayer Open"]
[Site "Leverkusen"]
[Date "2015.03.02"]
[Round "5.44"]
[White "Kopernok, Ingo"]
[Black "Milz, Ulrich"]
[Result "1/2-1/2"]
[WhiteElo "1341"]
[BlackElo "1554"]
[PlyCount "50"]
[EventDate "2015.??.??"]
[WhiteTeam "SG Solingen"]
[BlackTeam "SC Bayer Leverkusen"]

1. d4 e6 2. Bf4 Nf6 3. Nf3 b6 4. e3 h6 5. Nc3 Nh5 6. Bg3 Nxg3 7. hxg3 Bb4 8.
Qd2 Qe7 9. a3 Ba5 10. b4 Bxb4 11. axb4 Qxb4 12. Nb5 Qxd2+ 13. Nxd2 Kd8 14. Nf3
f6 15. g4 a6 16. Nc3 Nc6 17. Rb1 a5 18. Na4 Rf8 19. c3 Bb7 20. Nd2 e5 21. d5
Ne7 22. e4 Nc8 23. f3 Ba6 24. c4 Rb8 25. Kf2 Ke7 1/2-1/2

[Event "13. Bayer Open"]
[Site "Leverkusen"]
[Date "2015.03.02"]
[Round "5.45"]
[White "Müller, Horst"]
[Black "Paul, André David"]
[Result "0-1"]
[WhiteElo "1522"]
[BlackElo "1710"]
[PlyCount "115"]
[EventDate "2015.??.??"]
[WhiteTeam "SV Springer Hitdorf"]
[BlackTeam "Kölner SK Dr. Lasker"]

1. c4 c6 2. Nc3 e6 3. d4 d5 4. Nf3 Nf6 5. g3 a6 6. cxd5 cxd5 7. Bg2 b5 8. a3
Bb7 9. O-O Nbd7 10. Bd2 Bd6 11. Rc1 O-O 12. Na2 Ne4 13. Bb4 a5 14. Bxd6 Nxd6
15. Nd2 Rc8 16. Qb3 Qb6 17. e3 Nc4 18. Nxc4 bxc4 19. Qxb6 Nxb6 20. Nc3 Bc6 21.
Bf3 Na4 22. Nxa4 Bxa4 23. Bd1 Bxd1 24. Rfxd1 Rb8 25. Rd2 Rb3 26. Rcc2 Rc8 27.
Rc3 Rxc3 28. bxc3 Rb8 29. a4 Rb1+ 30. Kg2 Ra1 31. Rb2 g6 32. Rb5 Rxa4 33. Rc5
h6 34. h4 f5 35. Rc7 Kf8 36. Kf3 g5 37. hxg5 hxg5 38. g4 fxg4+ 39. Kxg4 Ra2 40.
Kg3 Rc2 41. Ra7 Rxc3 42. Rxa5 Kf7 43. Rc5 Kf6 44. Kg4 Rc2 45. Kg3 Kf5 46. Rc6
Rc1 47. Kg2 Rb1 48. Kh2 Rb7 49. Kg3 e5 50. dxe5 Kxe5 51. Kf3 Rf7+ 52. Ke2 Rf6
53. Rc8 Rd6 54. Re8+ Re6 55. Rc8 Kf6 56. Rc5 Ke5 57. Kd2 Ke4 58. Ke2 {
Restliche Notation unklar.} 0-1

[Event "13. Bayer Open"]
[Site "Leverkusen"]
[Date "2015.03.02"]
[Round "5.46"]
[White "Becker, Johann"]
[Black "Balduan, Karl-Heinz"]
[Result "1-0"]
[WhiteElo "1449"]
[BlackElo "1510"]
[PlyCount "131"]
[EventDate "2015.??.??"]
[WhiteTeam "TV Witzhelden"]
[BlackTeam "Königsspringer Leverkusen"]

1. e4 e5 2. Bc4 Bc5 3. Nf3 Nc6 4. c3 Nf6 5. d4 exd4 6. cxd4 Bb6 7. d5 Na5 8.
Bd3 O-O 9. Bg5 h6 10. Bh4 c5 11. e5 g5 12. exf6 gxh4 13. O-O Qxf6 14. Nc3 Bd8
15. Re1 h3 16. g3 b6 17. Qe2 Nb7 18. Qe4 Qg6 19. Qe3 f5 20. Ne2 Bg5 21. Nxg5
hxg5 22. Nc3 Nd6 23. Qf3 g4 24. Qf4 Bb7 25. Re7 Rad8 26. Rae1 Rfe8 27. Kf1 Rxe7
28. Rxe7 Kf8 29. Re5 Re8 30. Bxf5 Qf6 31. Rxe8+ Kxe8 32. Qe3+ Qe7 33. Qxe7+
Kxe7 34. Bxg4 Nc4 35. b3 Na3 36. Bxh3 b5 37. Bg2 d6 38. h4 Ba6 39. Ne4 b4+ 40.
Ke1 Nc2+ 41. Kd2 Nd4 42. g4 c4 43. h5 c3+ 44. Nxc3 bxc3+ 45. Kxc3 Nb5+ 46. Kb4
Nc7 47. g5 Kf7 48. Be4 Bb7 49. Kc4 Ba6+ 50. Kb4 Bb7 51. Kc3 Bxd5 52. Bxd5+
Nxd5+ 53. Kd4 Nf4 54. b4 Nxh5 55. Kd5 Ke7 56. a4 Nf4+ 57. Ke4 Nh3 58. f4 d5+
59. Kxd5 Nxf4+ 60. Kc6 a6 61. g6 Nd3 62. b5 axb5 63. Kxb5 Ne5 64. a5 Nd7 65. a6
Kd8 66. a7 1-0

[Event "13. Bayer Open"]
[Site "Leverkusen"]
[Date "2015.03.02"]
[Round "5.47"]
[White "Barche, Uwe"]
[Black "Kayser, Manfred"]
[Result "0-1"]
[WhiteElo "1244"]
[BlackElo "1502"]
[PlyCount "68"]
[EventDate "2015.??.??"]
[WhiteTeam "SG Solingen"]
[BlackTeam "Königsspringer Leverkusen"]

1. c4 Nf6 2. g3 e6 3. Bg2 Be7 4. Nf3 Nc6 5. Nc3 O-O 6. O-O d6 7. d3 a6 8. a3
Nd7 9. e3 Nde5 10. Nxe5 Nxe5 11. b4 c6 12. Qc2 Bf6 13. Bb2 d5 14. Rfd1 Qe7 15.
c5 Nd7 16. e4 d4 17. Ne2 e5 18. Bc1 Qe8 19. f4 b6 20. fxe5 Bxe5 21. Bf4 bxc5
22. bxc5 Nf6 23. h3 Nh5 24. Bxe5 Qxe5 25. Kh2 Rb8 26. Rab1 Be6 27. Rb6 g6 28.
Rxc6 Bb3 29. Qb2 Bxd1 30. Qxd4 Qg5 31. h4 Qd2 32. g4 Bxe2 33. gxh5 Qf4+ 34. Kh3
Bg4# 0-1

[Event "13. Bayer Open"]
[Site "Leverkusen"]
[Date "2015.03.02"]
[Round "5.49"]
[White "Turp, Hüseyim"]
[Black "Azimi, Reza"]
[Result "1-0"]
[WhiteElo "1582"]
[BlackElo "1364"]
[PlyCount "27"]
[EventDate "2015.??.??"]
[WhiteTeam "Oberhausener SV"]
[BlackTeam "Schachuzipus Köln-Mülheim"]

1. d4 d5 2. c4 e6 3. Nc3 Nf6 4. Nf3 c5 5. Bf4 a6 6. e3 Nc6 7. Be2 Qb6 8. Rb1
Nh5 9. Bg3 Nxg3 10. hxg3 Bd7 11. cxd5 exd5 12. Nxd5 Qa5+ 13. Nc3 Rd8 14. d5 {
Restliche Notation unklar.} 1-0

[Event "13. Bayer Open"]
[Site "Leverkusen"]
[Date "2015.03.02"]
[Round "5.50"]
[White "Teuber, Alfons"]
[Black "Kinnert, Reinhard"]
[Result "0-1"]
[WhiteElo "1057"]
[BlackElo "1581"]
[PlyCount "61"]
[EventDate "2015.??.??"]
[WhiteTeam "BSW Opladen"]
[BlackTeam "TV Witzhelden"]

1. e4 c5 2. Bc4 e6 3. Nf3 Nc6 4. a3 a6 5. d3 b5 6. Bb3 Bb7 7. O-O Qc7 8. Be3
Bd6 9. h3 Ne5 10. Kh1 O-O-O 11. d4 Nxf3 12. Qxf3 c4 13. Nc3 cxb3 14. cxb3 Nf6
15. d5 Kb8 16. Rac1 Bc5 17. Bf4 d6 18. Bg5 Qe7 19. b4 Bd4 20. b3 h6 21. Be3
Bxe3 22. Qxe3 Rc8 23. f3 exd5 24. a4 Qd7 25. axb5 axb5 26. Qb6 Qc6 27. Qxb5
Qxb5 28. Nxb5 dxe4 29. Nxd6 Rxc1 30. Rxc1 exf3 31. Nxf7 {Hier war die Partie -
trotz zweier vorliegender Notationen - nicht mehr nachvollziehbar.} 0-1

[Event "13. Bayer Open"]
[Site "Leverkusen"]
[Date "2015.03.02"]
[Round "5.53"]
[White "Fried, Hans-Joachim"]
[Black "Holz, Peter"]
[Result "1-0"]
[WhiteElo "1467"]
[BlackElo "1392"]
[PlyCount "75"]
[EventDate "2015.??.??"]
[WhiteTeam "TV Witzhelden"]
[BlackTeam "Pulheimer SC"]

1. e4 b6 2. d4 Bb7 3. Nc3 Nf6 4. e5 Nd5 5. Nxd5 Bxd5 6. Ne2 d6 7. exd6 Qxd6 8.
Nc3 Bc6 9. Be3 e6 10. a3 Be7 11. Nb5 Bxb5 12. Bxb5+ c6 13. Be2 Nd7 14. O-O Nf6
15. Bf3 Nd5 16. Bd2 Bf6 17. c3 O-O 18. Qc2 Ne7 19. Rad1 Ng6 20. g3 Rac8 21. Be4
c5 22. dxc5 Qxc5 23. Be3 Qc7 24. Rd2 Rcd8 25. Rfd1 Qb8 26. h4 h6 27. Bxg6 fxg6
28. Qxg6 Kh8 29. Rd7 Qe5 30. Bxh6 Rxd7 31. Rxd7 Rg8 32. Bf4 Qf5 33. Qxf5 exf5
34. Rxa7 Kh7 35. Rb7 Bd8 36. Be3 Kg6 37. Bxb6 Bf6 38. a4 1-0